| 000 | 00449nam a2200145Ia 4500 | ||
|---|---|---|---|
| 008 | 151213s9999 xx 000 0 und d | ||
| 100 | _aM.S. Haque, J.G. Mommie & R. S. Shrubrall | ||
| 245 |
_aEnglish for Today for Class - 6 _cM.S. Haque, J.G. Mommie & R. S. Shrubrall |
||
| 260 |
_aDhaka _bM.N.Printing _c2000 |
||
| 300 | _a2406 p. | ||
| 650 | _aEnglish | ||
| 650 | _aEnglish | ||
| 700 | _aM.S. Haque, J.G. Mommie & R. S. Shrubrall | ||
| 999 |
_c1682 _d1682 |
||